000 00717nam a2200265Ia 4500
001 Para_6567
003 CHAP
008 220125s1979 xx 000 0 und d
010 _a205444
040 _cCHAP
090 _aPA FOLLETO 568
110 _aCheuron Chemical Company, Ortho
_9171466
245 _aGlosario de insectos dañinos a productos vegetales en México /
_c por Ortho
260 _aMéxico :
_b Ortho
300 _a8 p.
650 _aEntomología
_x diccionarios
_937124
710 _aOrtho
_9171467
901 _aPA FOLLETO 568
902 _aA
905 _a000000197- 0000000000 00
910 _a197-
942 _cPARA
942 _cPARA
_d1
999 _c205444
_d205444